| 000 | 01098nam a22002777a 4500 | ||
|---|---|---|---|
| 008 | 130821s2011 sp gr spa | ||
| 020 | _a9788490041437 | ||
| 040 |
_aCO-BoUCM _bspa _cAngélica Rojas _dAldemar Mondragón (modificó) |
||
| 041 | 0 | 0 | _aspa |
| 245 | 0 | 3 |
_aEl acoso tratamiento penal y procesal _cAlfonso Galán Muñoz...[y otros] ; dirección María Isabel Martínez González |
| 260 |
_aValencia (España) _bTirant lo Blanch _c2011 |
||
| 300 | _a190 páginas | ||
| 490 | 0 |
_aAlternativa _v7 |
|
| 504 | _aIncluye referencias bibliográficas | ||
| 650 | 7 |
_aAcoso moral _zEspaña _931029 |
|
| 650 | 7 |
_aAcoso sexual _zEspaña _931030 |
|
| 650 | 7 |
_aLegitimación procesal _zEspaña _931031 |
|
| 690 |
_aDerecho penal _912805 |
||
| 700 | 1 |
_aGalán Muñoz, Alfonso _931032 |
|
| 700 | 1 |
_aGómez Rivero, María del Carmen _931033 |
|
| 700 | 1 |
_aGonzález Cano, Maria Isabel _931034 |
|
| 700 | 1 |
_aMartínez González, María Isabel _edirector _929899 |
|
| 700 | 1 |
_aMendoza Calderón, Silvia _931035 |
|
| 942 |
_cLIBRO _a8 _e1 _mA185 _2DEWEY _h345.025 |
||
| 999 |
_c165077 _d165077 |
||